1174 1068 1456 1612 1753 1155 1601 1316 1036 1478 1120 1742 1904 1575 1518 1366 1312 1418 1589 1441 1861 1449 1694 1780 1615 1159 1269 1423 1929 1057 1537 1138 1859 1617 1587 1790 1654 1910 1003 1076 1948 1354 1137 1389 1776 1513 1871 1161 1209 1176 1836 1243 1203 1837 1842 1826 1149 1005 1959 1353 1842 1046 1518 1442 1987 1523 1584 1313 1919 1995 1063 1549 1001 1500 1951 1694 1720 1506 1950 1965 1566 1759 1252 1938 1222 1931 1753 1499 1035 1715 1853 1779 1149 1810 1232 1035 1260 1948 1867 BCNSPRNW ULIB Ver.6.0+V

เปลี่ยนเป็นภาษาไทย

Change to English
 แสดงรายละเอียดบรรณานุกรม
  กลับหน้าหลัก

Brief Record : Get Marc (ISO 2709) : E-mail record : QR code < ปิดหน้าต่าง
LEADER : 00000nam 2200000uu 4500
001    13399121528
003     ULIB
008    121122s2548||||th 000 0 tha d
020    ^a9745066028
060 04 ^aWX150^bม258ม
245 00 ^aมองอย่างบรรลุ /^cชมรมแพทย์ชนบท
250    ^aพิมพ์ครั้งที่ 1
260    ^aกรุงเทพฯ :^bสร้างสื่อ,^c2548
300    ^a70 หน้า :^bภาพประกอบ ;^c21 ซม.
500    ^aรวมบทความจากวารสารโรงพยาบาลชุมชนที่เขียนโดย นพ. บรรลุศิริพานิช
536    ^aสนับสนุนโดย กระทรวงสาธารณสุข, ชมรมแพทย์ชนบท
650  7 ^aโรงพยาบาลชุมชน^vรวมเรื่อง
710 2  ^aชมรมแพทย์ชนบท
710 2  ^aกระทรวงสาธารณสุข
945    ^p0^l0^i24323
945    ^p0^l0^i24324
995    ^aวิภา
999 ^a ใช้งานได้ทุกระบบ
รายการนี้ยังไม่มีแท็ก
คุณยังไม่ได้ล็อกอิน คุณสามารถมีกิจกรรมร่วมกับเว็บไซต์ได้ แต่ต้องล็อกอินก่อน ::
  ล็อกอิน

รายการสื่อสารสนเทศ

ลำดับที่ ประเภท เลขเรียก/บาร์โค้ด สถานที่ สถานะ
1. วิทยาศาสตร์การแพทย์ และสุขภาพ
วิทยาศาสตร์การแพทย์ และสุขภาพ
WX150 ม258ม  
  Barcode: 24323
ห้องสมุดวิทยาเขตสวรรค์ประชารักษ์
►ส่วนจัดเก็บหนังสือเก่า สปร
บนชั้น
  ขอยืม
2. วิทยาศาสตร์การแพทย์ และสุขภาพ
วิทยาศาสตร์การแพทย์ และสุขภาพ
WX150 ม258ม ฉ.2 
  Barcode: 24324
ห้องสมุดวิทยาเขตสวรรค์ประชารักษ์
►ส่วนจัดเก็บหนังสือเก่า สปร
บนชั้น
  ขอยืม

BibComment


ยังไม่เคยถูกคอมเมนท์

คอมเมนท์ทรัพยากรรายการนี้
  คอมเมนท์: มองอย่างบรรลุ ช..


 Copyright 2026. Bcnsprnw @Library